C How to program : introducing C++ and OOP and game programming with the allegro C library (Record no. 209503)
[ view plain ]
| 000 -LEADER | |
|---|---|
| fixed length control field | 00471nam a2200145Ia 4500 |
| 008 - FIXED-LENGTH DATA ELEMENTS--GENERAL INFORMATION | |
| fixed length control field | 231221s9999 xx 000 0 und d |
| 041 ## - LANGUAGE CODE | |
| Language code of text/sound track or separate title | English |
| 082 ## - DEWEY DECIMAL CLASSIFICATION NUMBER | |
| Classification number | 001.6424C DEI3 |
| 100 ## - MAIN ENTRY--PERSONAL NAME | |
| Personal name | Deitel, P J. Deitel, H M. |
| 245 #0 - TITLE STATEMENT | |
| Title | C How to program : introducing C++ and OOP and game programming with the allegro C library |
| 250 ## - EDITION STATEMENT | |
| Edition statement | 5th ed. |
| 260 ## - PUBLICATION, DISTRIBUTION, ETC. | |
| Date of publication, distribution, etc. | 2007 |
| Name of publisher, distributor, etc. | Pearson Education |
| Place of publication, distribution, etc. | New Delhi |
| 650 ## - SUBJECT ADDED ENTRY--TOPICAL TERM | |
| Topical term or geographic name entry element | C,program,C++,OOP,game,programming,allegro,C |
| 942 ## - ADDED ENTRY ELEMENTS (KOHA) | |
| Koha item type | Compact Disks |
| Date last seen | Total checkouts | Full call number | Accession number | Price effective from | Category | Lost status | Damaged status | Department | Withdrawn status | Home library | Current library | Shelving location | Entry date | Vendor | Grants | Billdate | Currency symbol | Conversion rate | Discount | Old discount | Billnumber |
|---|---|---|---|---|---|---|---|---|---|---|---|---|---|---|---|---|---|---|---|---|---|
| 26/01/2024 | 001.6424C DEI3 | CD4041 | 26/01/2024 | Compact Disks | Central Library | Central Library | Central Library | Central Library | Publisher | CS | 27/12/2012 | RS | 1 | ||||||||
| 26/01/2024 | 001.6424C DEI3;0 | CD4054 | 26/01/2024 | Compact Disks | Central Library | Central Library | Central Library | Central Library | Book Paradise | IS | 09/01/2013 | RS | 1 | 50263 | |||||||
| 26/01/2024 | 001.6424C DEI3;0 | CD4057 | 26/01/2024 | Compact Disks | Central Library | Central Library | Central Library | Central Library | Book Paradise | CS | 07/01/2013 | RS | 1 | 50167 | |||||||
| 26/01/2024 | 001.6424C DEI3;0 | CD4061 | 26/01/2024 | Compact Disks | Central Library | Central Library | Central Library | Central Library | Book Paradise | IS | 04/01/2013 | RS | 1 | 50263 | |||||||
| 26/01/2024 | 001.6424C DEI3;0 | CD4087 | 26/01/2024 | Compact Disks | Central Library | Central Library | Central Library | Central Library | Book Paradise | IS | 23/01/2013 | RS | 1 | ||||||||
| 26/01/2024 | 001.6424C DEI3; | CD4097 | 26/01/2024 | Compact Disks | Central Library | Central Library | Central Library | Central Library | Book Paradise | IS | 24/01/2013 | RS | 1 |
